000 00886nam a2200229Ii 4500
003 JO-AjNU
008 230605s9999||||xx |||||||||||||| ||und||
017 _a1997/12/1811
040 _aJO-AjNU
_bara
_erda
_cJO-AjNU
041 _aara
050 1 4 _aKMM80.S536.1998
100 3 _aالشمايلة ، ناصر جميل محمد,
_eauthor
_952988
245 0 0 _aكسب ملكية المضمونات بالضمان : دراسة مقارنة 
250 _aط1
264 3 1 _aعمان : مكتبة دار الثقافة،1998
300 _a160ص
_bيشتمل على مراجع ببلوغرافية ص (147-160)
336 _atext
_btxt
_2rdacontent
337 _aunmediated
_bn
_2rdamedia
338 _avolume
_bnc
_2rdacarrier
490 0 _aالمكتبة القانونية 207
650 4 _a الضمانات المالية -- قوانين وتشريعات -- الأردن 
_952989
999 _aA23505
_c27073
_d27073